| 000 | 00792nam a22002057a 4500 | ||
|---|---|---|---|
| 999 |
_c17841 _d17841 |
||
| 003 | AR-CdUCM | ||
| 008 | 190509b ||||| |||| 00| 0 spa d | ||
| 040 |
_aMUNICIPALIDAD PROVINCIAL DEL CUSCO _cBIBLIOTECA MUNICIPAL DEL CUSCO |
||
| 082 |
_a303.484 / _bF52 |
||
| 100 |
_aFinkelstein, Sidney. _938025 |
||
| 245 | _aPros y contras de Mac Luhan / | ||
| 260 |
_aMéxico : _bGrijalbo, _c1973. |
||
| 300 |
_a148 páginas ; _c19 cm. |
||
| 440 |
_aColección 70. _n132. _938026 |
||
| 505 | _aContenido : La revolución de los medios y un revolucionario libro -- La historia según McLuhan contra la historia real -- La guerra mítica de los sentidos -- El medio y el falso mensaje ... | ||
| 650 |
_aRevolución. _9844 |
||
| 650 |
_aSiglo XX. _98 |
||
| 942 |
_2ddc _cLIBROS |
||
| 945 |
_arum _d2019-05-09 |
||